| 000 | 01386cam a22002893a 4500 | ||
|---|---|---|---|
| 001 | 10635 | ||
| 003 | PGUSA | ||
| 005 | 20140828083227.0 | ||
| 008 | 040101s2004||||xxu|||||s|||||000 p eng d | ||
| 040 |
_aPGUSA _beng |
||
| 042 | _adc | ||
| 050 | 4 | _aPQ | |
| 100 | 1 |
_aHunt, Leigh, _d1784-1859 |
|
| 245 | 1 | 0 |
_aStories from the Italian Poets : _bwith Lives of the Writers, Volume 2 _h[electronic resource] / _cLeigh Hunt |
| 260 |
_bProject Gutenberg, _c2004 |
||
| 505 | 0 | _aBOIARDO. Critical notice of his life and genius -- The adventures of Angelica -- The death of Agrican -- The Saracen friends, Part the Second -- Seeing and believing -- ARIOSTO. Critical notice of his life and genius -- The adventures of Angelica -- Astolfo's journey to the moon -- Ariodante and Ginerva -- Suspicion -- Isabella -- TASSO. Critical notice of his life and genius -- Olindo and Sophronia -- Tancred and Clorinda -- Rinaldo and Armida; with the adventure of the enchanted forest. | |
| 506 | _aPublic domain in the USA. | ||
| 516 | _aElectronic text | ||
| 653 | _aPoets, Italian -- Biography | ||
| 653 | _aItalian poetry -- Translations into English | ||
| 700 | 1 |
_aAriosto, Lodovico, _d1474-1533 |
|
| 700 | 1 |
_aTasso, Torquato, _d1544-1595 |
|
| 700 | 1 |
_aBoiardo, Matteo Maria, _d1440-1494 |
|
| 830 | 0 |
_aProject Gutenberg _v10635 |
|
| 856 | 4 | 0 | _uhttp://www.gutenberg.org/ebooks/10635 |
| 942 | _cEB | ||
| 999 |
_c239890 _d239890 |
||